1226 1009 1458 1792 1009 1799 1197 1288 1133 1968 1889 1941 1331 1324 1563 1694 1737 1833 1855 1006 1205 1604 1944 1985 1498 1051 1724 1172 1272 1951 1044 1624 1346 1975 1080 1066 1787 1689 1562 1807 1625 1447 1851 1405 1117 1958 1999 1943 1038 1547 1898 1405 1282 1414 1767 1905 1079 1741 1972 1051 1500 1250 1590 1844 1109 1747 1003 1692 1245 1131 1327 1403 1387 1335 1288 1448 1396 1287 1892 1614 1522 1007 1513 1812 1806 1771 1979 1539 1317 1726 1261 1394 1873 1643 1812 1765 1619 1859 1471 BCNSPRNW ULIB Ver.6.0+V

เปลี่ยนเป็นภาษาไทย

Change to English
 แสดงรายละเอียดบรรณานุกรม
  กลับหน้าหลัก

Brief Record : Get Marc (ISO 2709) : E-mail record : QR code < ปิดหน้าต่าง
LEADER : 00000nam 2200000uu 4500
001    13399127331
003     ULIB
008    200428s2562||||th 000 0 tha d
020    ^a9786164975637
060 04 ^aWH100^bจ344ล
100 0  ^aจำนงค์ นพรัตน์
245 10 ^aโลหิตวิทยา =^bHemato-Book /^cจำนงค์ นพรัตน์, ชวดี นพรัตน์
246 31 ^aHemato-Book
250    ^aพิมพ์ครั้งที่ 1
260    ^aกรุงเทพฯ :^bบริษัทสหมิตรพัฒนาการพิมพ์ (1992) จำกัด,^c2562
300    ^avii, 343 หน้า :^bภาพประกอบสี ;^c21 ซม.
650  4 ^aโลหิตวิทยา
650  4 ^aเลือด
700 0  ^aชวดี นพรัตน์
710 2  ^aมหาวิทยาลัยสงขลานครินทร์.^bคณะแพทยศาสตร์.^bภาควิชาพยาธิวิทยา
945    ^p480^l0^i28171
945    ^p480^l0^i28172
945    ^p480^l0^i28173
945    ^p480^l0^i28174
945    ^p480^l0^i28175
999    ^aกัณชพร จุลอักษร
รายการนี้ยังไม่มีแท็ก
คุณยังไม่ได้ล็อกอิน คุณสามารถมีกิจกรรมร่วมกับเว็บไซต์ได้ แต่ต้องล็อกอินก่อน ::
  ล็อกอิน

รายการสื่อสารสนเทศ

ลำดับที่ ประเภท เลขเรียก/บาร์โค้ด สถานที่ สถานะ
1. หนังสือสำรอง
หนังสือสำรอง
WH100 จ344ล ฉ.1 
  Barcode: 28171
ห้องสมุดวิทยาเขตนครสวรรค์
►หนังสือทั่วไป:l:General Books
บนชั้น
2. วิทยาศาสตร์การแพทย์ และสุขภาพ
วิทยาศาสตร์การแพทย์ และสุขภาพ
WH100 จ344ล ฉ.2 
  Barcode: 28172
ห้องสมุดวิทยาเขตนครสวรรค์
►หนังสือทั่วไป:l:General Books
บนชั้น
3. วิทยาศาสตร์การแพทย์ และสุขภาพ
วิทยาศาสตร์การแพทย์ และสุขภาพ
WH100 จ344ล ฉ.3 
  Barcode: 28173
ห้องสมุดวิทยาเขตนครสวรรค์
►หนังสือทั่วไป:l:General Books
บนชั้น
*เพิ่งรับคืน
4. วิทยาศาสตร์การแพทย์ และสุขภาพ
วิทยาศาสตร์การแพทย์ และสุขภาพ
WH100 จ344ล ฉ.4 
  Barcode: 28174
ห้องสมุดวิทยาเขตนครสวรรค์
►หนังสือทั่วไป:l:General Books
บนชั้น
5. วิทยาศาสตร์การแพทย์ และสุขภาพ
วิทยาศาสตร์การแพทย์ และสุขภาพ
WH100 จ344ล ฉ.5 
  Barcode: 28175
ห้องสมุดวิทยาเขตนครสวรรค์
►หนังสือทั่วไป:l:General Books
บนชั้น

รายการใกล้เคียง
    ผู้แต่ง [จำนงค์ นพรัตน์]

    หัวเรื่อง [โลหิตวิทยา]
    หัวเรื่อง [เลือด]

BibComment


ยังไม่เคยถูกคอมเมนท์

คอมเมนท์ทรัพยากรรายการนี้
  คอมเมนท์: โลหิตวิทยา Hema..


 Copyright 2026. Bcnsprnw @Library